| 000 | 00000nam 2200000za 4500 |
| 001 | 9.639808 |
| 003 | CaOODSP |
| 005 | 20230502144713 |
| 007 | cr ||||||||||| |
| 008 | 150407|2012||||xxc|||||o f|0| 0 fre d |
| 020 | |a978-1-100-98772-9 |
| 040 | |aCaOODSP|bfre |
| 043 | |an-cn--- |
| 086 | 1 |aCW66-305/2012F-PDF |
| 110 | 1 |aCanada. |bEnvironnement Canada. |
| 245 | 10|aRéserve nationale de faune du cap Tourmente - carte des sentiers pédestres |h[ressource électronique] |
| 260 | |aOttawa - Ontario : |bEnvironnement Canada |c2012. |
| 300 | |a2p.|bcarte, photographies |
| 590 | |a12-29|b2012-07-20 |
| 691 | 07|aRandonnée pédestre|2gcpds |
| 775 | 08|tThe Cap Tourmente National Wildlife Area - map of hiking trails |w(CaOODSP)9.695675 |
| 776 | 0#|tRéserve nationale de faune du cap Tourmente - carte des sentiers pédestres |w(CaOODSP)9.685445 |
| 794 | |tRéserve nationale de faune du Cap Tourmente - carte des sentiers pédestres |w(CaOODSP)9.643714 |
| 856 | 40|ahttp://publications.gc.ca|qPDF|s5365 Ko|uhttps://publications.gc.ca/collections/collection_2012/ec/CW66-305-2012-fra.pdf |